Univers Lego Ninjago: Zane - Statistiques

Statistiques générales
  • Ce quiz a été pris 659 fois
  • Le résultat moyen est 7 sur 11
Statistiques - réponses
Questions Réponses % Correct
Pouvoir de ninja Glace
96%
Senseï Wu
95%
Couleur des habits et de ninja Blanc
94%
Couleur du métal Gris
88%
Arme Shurikens
81%
Saison d'arrivée La menace des serpents
63%
Lieu d'arrivée Monastère
62%
Type Robot
60%
Constructeur Docteur julien
43%
Nom de famille Julien
42%
Arme Arme d'or
15%
Aucun quiz correspondant
Distribution des résultats
% des personnes avec chaque résultat
Percentile par nombre de réponses
Votre historique - résultats
Vous n’avez pas pris ce quiz